000 04009nam a22004817a 4500
005 20100728110347.0
010 _aENG-96916 B-422608 B-426420-435
020 _a9788183281355
_c495.00
035 _aEN-80449 B-422608 B-426420-435
037 _bDBAD/PUB UBH
037 _bRBC/Ven
082 _a921
100 _aRustamji, K.F.
_929595
245 _aThe british the bandits and the bordermen /
_cby K.F. Rustamji; edited by P.V. Rajgopal
260 _aNew Delhi
_bWisdom Tree
_c2009
270 _a4779/23, Ansari Road, Darya Ganj,
_bNew Delhi
_e2
300 _axxiii, 388p.
_c24cm, (Hb)
_eb&w photos and maps
500 _aincludes index
700 _aRajgopal, P.V.
_92004
942 _2ddc
_cEN
_h921
_mRUS
999 _c38020
_d38020